Africa y America Latina: Perspectivas de Cooperación Interregional /

Sábháilte in:
Sonraí bibleagrafaíochta
Údair chorparáideacha: NU. Programa de las Naciones Unidas para el desarrollo, Comisión Económica para Africa CEPAL
Formáid: Téacs
Foilsithe / Cruthaithe: Santiago: CEPAL
Clibeanna: Cuir clib leis
Níl clibeanna ann, Bí ar an gcéad duine le clib a chur leis an taifead seo!

MARC

LEADER 00000 a a2200000 04500
001 25284
003
040
090 |a 180900  
110 |a NU. Programa de las Naciones Unidas para el desarrollo  
245 |a Africa y America Latina: Perspectivas de Cooperación Interregional /  |c NU. Programa de las Naciones Unidas para el desarrollo  
260 |a Santiago:   |b CEPAL  
300 |a 275 p.   |b **no definido**  
710 |a Comisión Económica para Africa   |a CEPAL  
999 |c 5104  |d 5104